Google Trends: What's Searched More? - Statistics

General Stats
  • This quiz has been taken 167 times
  • The average score is 7 of 12
Answer Stats
Question Answer % Correct
Which is searched more? Grand Canyon
93%
Which is searched more? Brazil
83%
Which is searched more? North
83%
Which is searched more? China
70%
Which is searched more? North Korea
63%
Which is searched more? Caribbean
60%
Which is searched more? Mexico
60%
Which is searched more? Pacific
53%
Which is searched more? West
53%
Which is searched more? Borneo
40%
Which is searched more? South Dakota
37%
Which is searched more? Los Angeles
20%
No matching quizzes found
Score Distribution
Percent of People with Each Score
Percentile by Number Answered
Your Score History
You have not taken this quiz